000 00617cam a2200205 4500
008 090401t1995 xxu||||| |||| 00| 0 eng d
020 _a0077079469
035 _a(Sirsi) u15756
041 _aeng
050 _a658.404
100 _aTurner, J. Rodney
245 4 _aThe commercial project manager : managing owners, sponsors, partners, supporters, stakeholders, contractors and consultants.
260 _aLondon
_bMcGraw-Hill
_c1995
300 _axxvii,408p. ; 23cm.
350 _a24.95
650 _aMANAGEMENT-PROJECT MANAGEMENT
690 _aProject management
_96261
942 _n0
948 _c04/03/1997
999 _c87306
_d87306